Statistics for The 36 Provinces of Canada Map Quiz

Click here to take the quiz!

General Stats

  • This quiz has been taken 1,890 times
  • The average score is 22 of 36

Answers on the Map

Answers color-coded by a green-red scale on the quiz's map according to % correct below.
 

Answer Stats

Answer% Correct
British Columbia
93%
Vancouver Island
86%
Quebec
76%
Vermont
76%
Yukon
76%
Manitoba
75%
Northwest Territories
75%
Maine
73%
Nunavut
73%
Newfoundland
72%
Prince Edward Island
71%
Jamaica
70%
Toronto
70%
Ontario
69%
Nova Scotia
68%
Alberta
67%
Northern Ontario
67%
Bahamas
65%
Saskatchewan
65%
New Brunswick
63%
Labrador
62%
Montreal
62%
Northwest Ontario
62%
National Capital
60%
St. Pierre and Miquelon
59%
Barbados
55%
Cape Breton Island
55%
Turks and Caicos
51%
West Indies
50%
Acadia
48%
Nunatsiavut
47%
Bermuda
45%
Nunavik
45%
Sagamie
36%
Buffalo
24%
Kanienkehaka
14%

Score Distribution

Percentile by Number Answered

Percent of People with Each Score

Your Score History

You have not taken this quiz